00315 a2200121 450000100060000008200150000610000610002124500410008225000060012326000250012930000200015450000190017492050 a327.12 JEN aCarl J Jensen, III; David H Mcelreath and Melissa Graves aIntroduction to Intelligence Studies a1 aUSAbCRC Pressc2013 axxii, 352p.bHb aReference book